| 000 | 01017cam a22001934a 4500 | ||
|---|---|---|---|
| 005 | 20250605164144.0 | ||
| 008 | 250528s ||||||||||||||||||||||||d | ||
| 035 | _a19113 | ||
| 020 | _a415101611 | ||
| 040 |
_aGR-AtMCL _bgre _dGR-AtMCL _eAACR2 |
||
| 245 | 1 | _aBasic Writings / From Being and Time (1927) to The Task of Thinking (1964) | |
| 260 |
_bRouledge, _c1993 |
||
| 300 | _a452 | ||
| 520 | _aA concise introduction to the thought of this controversial and important twentieth-century philosopher. Preface, General Introduction: The Question of Being, Being and Time: Introduction, What is Metaphysics?, On the Essence of Truth, The Origin of the Work of Art, Letter on Humanism, Modern Science and Metaphysics and Mathematics, The Question Concerning Technology, Building Dwelling Thinking, What Calls for Thinking?, The Way to Language, The End of Philosophy and the Task of Thinking, Suggestions for Further Study. | ||
| 700 | 1 |
_aHeidegger Martin _95360 |
|
| 942 | _cBK | ||
| 999 |
_c4392 _d4392 |
||